[Event "38th ECC Open 2023"]
[Site "Durres ALB"]
[Date "2023.10.07"]
[Round "7.9"]
[White "Takacs, Laszlo"]
[Black "Kaspi, Alexander"]
[Result "1/2-1/2"]
[WhiteElo "2221"]
[BlackElo "2382"]
[EventDate "2022.10.01"]
[Board "6"]

1. e4 c5 2. Nf3 d6 3. d4 cxd4 4. Nxd4 Nf6 5. Nc3 a6 6. Be3 e5 7. Nf3 Qc7 8.
a4 b6 9. Be2 Be7 10. O-O O-O 11. Bg5 Nbd7 12. Nh4 g6 13. Nf3 Bb7 14. Nd2
Kg7 15. Re1 h6 16. Bxf6+ Nxf6 17. Bc4 Rac8 18. Qe2 a5 19. b3 Rfd8 20. Rad1
d5 21. exd5 Bxd5 22. Nxd5 Nxd5 23. Bxd5 Rxd5 24. Nc4 Rxd1 25. Rxd1 f6 26.
Rd5 Rd8 27. Qd3 Rxd5 28. Qxd5 Qd8 29. Qxd8 Bxd8 30. Kf1 Kf7 31. Ke2 Ke6 32.
Kd3 Kd5 33. Ne3+ Kc5 34. Ke4 h5 35. h3 h4 36. Nc4 Bc7 37. f3 f5+ 38. Kd3
Kd5 39. Ne3+ Kc5 40. Nc4 Bb8 41. Ne3 Bd6 42. Nc4 Bc7 43. Ne3 Bd8 44. Nc4
Bf6 45. Ne3 Bg5 46. Nd1 Kb4 47. Nc3 Kc5 48. Nb5 Bf4 49. Nc3 Bg3 50. Nb5 Bf2
51. Nc7 Kd6 52. Nb5+ Ke6 53. Nc7+ Kd6 54. Nb5+ Kc6 55. Kc4 Bc5 56. Nc3 Bd4
57. Nd5 Bc5 58. c3 Kd6 59. b4 Bf2 60. Nf6 Ke6 61. Nd5 Kd6 62. Nf6 Ke6 63.
Nd5 g5 64. Nc7+ Kd7 65. Nb5 e4 66. fxe4 fxe4 67. bxa5 bxa5 68. Kd5 e3 69.
Nd4 Be1 70. c4 Bc3 71. Ne2 Bb2 72. Kc5 Ke6 73. Kb6 Ke5 74. Kxa5 Ke4 75. c5
Kd3 76. Ng1 e2 77. Nxe2 Kxe2 78. c6 Be5 79. Kb6 Kf2 80. a5 Kxg2 81. a6 g4
82. c7 Bxc7+ 83. Kxc7 gxh3 84. a7 h2 85. a8=Q+ Kg1 86. Qa1+ Kg2 87. Qb2+
Kg1 88. Qd4+ Kg2 89. Qg4+ Kf2 90. Qxh4+ Kg2 91. Qxh2+ 1/2-1/2

[Event "38th ECC Open 2023"]
[Site "Durres ALB"]
[Date "2023.10.07"]
[Round "7.10"]
[White "Pruijssers, Roeland"]
[Black "Stankovic, Milos"]
[Result "1/2-1/2"]
[WhiteElo "2540"]
[BlackElo "2464"]
[EventDate "2022.10.01"]
[Board "1"]

1. d4 d5 2. Nc3 c5 3. e4 dxe4 4. d5 Nf6 5. Nge2 a6 6. Ng3 e6 7. Bg5 Be7 8.
dxe6 Qxd1+ 9. Rxd1 Bxe6 10. Ngxe4 Nxe4 11. Nxe4 Bxg5 12. Nxg5 Nc6 13. Nxe6
fxe6 14. Bd3 Ke7 15. Be4 h6 16. Bxc6 bxc6 17. Ke2 Rab8 18. b3 c4 19. Rd4
cxb3 20. axb3 Rb5 21. Ra1 a5 22. Raa4 Rhb8 23. Rac4 R8b6 24. Rc3 Rd5 25.
Rdc4 Kd6 26. Rg3 Rb7 27. Rg6 Re5+ 28. Kd3 Rd7 29. Rd4+ Rd5 30. Ke3 Rxd4 31.
Kxd4 Ra7 32. f4 c5+ 33. Kc4 a4 34. f5 Ke5 35. fxe6 Kf5 36. e7 Rxe7 37. Rg3
a3 38. Rf3+ Kg5 39. c3 a2 40. Rf1 Re2 41. Ra1 Rxg2 42. Kxc5 Rxh2 43. b4 h5
44. b5 Rb2 45. c4 h4 46. Kd4 h3 47. Kc3 Rb1 48. Rxa2 Kh4 49. Rd2 g5 50. Kc2
Rb4 51. Kc3 Rb1 52. Kc2 Rb4 53. Kc3 Rb1 54. Kc2 1/2-1/2

[Event "38th ECC Open 2023"]
[Site "Durres ALB"]
[Date "2023.10.07"]
[Round "7.10"]
[White "Gagunashvili, Merab"]
[Black "Wachinger, Nikolas"]
[Result "1-0"]
[WhiteElo "2550"]
[BlackElo "2426"]
[EventDate "2022.10.01"]
[Board "2"]

1. d4 Nf6 2. c4 e6 3. Nc3 Bb4 4. Qc2 d5 5. cxd5 exd5 6. Bg5 h6 7. Bh4 c5 8.
dxc5 Be6 9. e3 O-O 10. Nf3 Nbd7 11. c6 bxc6 12. Be2 c5 13. O-O Re8 14. Rfd1
Bxc3 15. bxc3 g5 16. Bg3 Ne4 17. c4 Bf5 18. Bd3 dxc4 19. Qxc4 Nb6 20. Qb5
Bd7 21. Qa5 Nxg3 22. hxg3 Qe7 23. Rac1 Ba4 24. Bc2 Bc6 25. Bb3 Bxf3 26.
gxf3 Rac8 27. Qb5 Qc7 28. a4 a5 29. f4 c4 30. Qxa5 gxf4 31. gxf4 Qc6 32.
Bc2 Kh8 33. Qc3+ f6 34. Kh2 Re6 35. e4 Nxa4 36. Qh3 Re7 37. Bxa4 Qc7 38.
Qh4 f5 39. e5 Qa7 40. Rd6 1-0

[Event "38th ECC Open 2023"]
[Site "Durres ALB"]
[Date "2023.10.07"]
[Round "7.10"]
[White "Grigorian, Spartak"]
[Black "Krstulovic, Alex"]
[Result "0-1"]
[WhiteElo "2444"]
[BlackElo "2433"]
[EventDate "2022.10.01"]
[Board "3"]

1. e4 c6 2. d4 d5 3. e5 c5 4. dxc5 e6 5. a3 Bxc5 6. Nf3 f6 7. b4 Be7 8. Bd3
a5 9. b5 Nd7 10. Bb2 Nh6 11. c4 O-O 12. Qc2 fxe5 13. Nxe5 Nxe5 14. Bxe5 Bf6
15. Bxf6 Qxf6 16. Ra2 Bd7 17. O-O Rac8 18. Qb3 Ng4 19. cxd5 exd5 20. h3 Ne5
21. Be4 Kh8 22. Bxd5 a4 23. Qxa4 Rc5 24. Rd1 Rxb5 25. Qd4 Rxb1 26. Ra1 Rxa1
27. Qxa1 Qxf2+ 28. Kh1 Qg3 29. Bxb7 Bxh3 30. gxh3 Qxh3+ 31. Kg1 Qg3+ 32.
Kh1 Ng4 33. Bg2 Qh2# 0-1

[Event "38th ECC Open 2023"]
[Site "Durres ALB"]
[Date "2023.10.07"]
[Round "7.10"]
[White "Pezelj, Novak"]
[Black "Colbow, Collin"]
[Result "1/2-1/2"]
[WhiteElo "2476"]
[BlackElo "2404"]
[EventDate "2022.10.01"]
[Board "4"]

1. d4 Nf6 2. c4 e6 3. a3 d5 4. Nc3 c6 5. e3 b6 6. Nf3 Bb7 7. Bd3 dxc4 8.
Bxc4 c5 9. O-O cxd4 10. Nxd4 a6 11. Qe2 b5 12. Ba2 Qb6 13. Rd1 Nc6 14. Nf3
Rc8 15. e4 Ng4 16. Nd5 Qa7 17. h3 Nge5 18. Be3 Bc5 19. Bxc5 Qxc5 20. Rac1
Nxf3+ 21. Qxf3 Qa7 22. Qg3 O-O 23. Nf6+ Kh8 24. Nh5 g6 25. Qg5 gxh5 26.
Qf6+ Kg8 27. Rd3 h4 28. Rcc3 Qb8 29. Rc5 Ne7 30. Qxe7 Rxc5 31. Qxc5 Bxe4
32. Qg5+ Bg6 33. Rd4 Rc8 34. Bb3 h6 35. Qxh4 Rc1+ 36. Rd1 Rxd1+ 37. Bxd1
Qe5 38. Qd8+ Kg7 1/2-1/2

[Event "38th ECC Open 2023"]
[Site "Durres ALB"]
[Date "2023.10.07"]
[Round "7.10"]
[White "Reuker, Jari"]
[Black "Lukovic, Vladimir"]
[Result "0-1"]
[WhiteElo "2403"]
[BlackElo "2437"]
[EventDate "2022.10.01"]
[Board "5"]

1. e4 e5 2. Nf3 Nc6 3. Bb5 a6 4. Ba4 b5 5. Bb3 Na5 6. O-O d6 7. d4 exd4 8.
Nxd4 Bb7 9. Nc3 c5 10. Nf5 g6 11. Re1 Nxb3 12. axb3 gxf5 13. exf5+ Kd7 14.
Nd5 Kc8 15. Bd2 b4 16. Bxb4 cxb4 17. Qd4 Nf6 18. Nxf6 Bg7 19. Qc4+ Qc7 20.
Qxc7+ Kxc7 21. Re7+ Kc6 22. Nd5 Kxd5 23. Rxb7 Rhf8 24. Rxb4 Bxb2 25. Rd1+
Kc6 26. c3 d5 27. Rh4 Rab8 28. b4 Rfd8 29. Rd3 d4 30. cxd4 Rxb4 31. Rh6+
Kb5 32. Rxh7 Rbxd4 33. Rxd4 Rxd4 34. h4 Rd7 35. g4 a5 36. g5 a4 37. f6 a3
38. Rh8 a2 39. Ra8 a1=Q+ 40. Rxa1 Bxa1 41. Kg2 Kc6 42. Kg3 Kd5 43. Kg4 Bxf6
44. gxf6 Ke5 0-1

[Event "38th ECC Open 2023"]
[Site "Durres ALB"]
[Date "2023.10.07"]
[Round "7.10"]
[White "Sukovic, Andrej"]
[Black "Charmeteau, Sven"]
[Result "1-0"]
[WhiteElo "2380"]
[BlackElo "2288"]
[EventDate "2022.10.01"]
[Board "6"]

1. c4 c5 2. g3 Nf6 3. Bg2 e6 4. Nf3 Be7 5. O-O O-O 6. d4 cxd4 7. Nxd4 d5 8.
cxd5 Nxd5 9. e4 Nb4 10. Nc3 N8c6 11. Nxc6 Nxc6 12. Be3 Qa5 13. Qa4 Bd7 14.
Rfd1 Rfd8 15. Qxa5 Nxa5 16. Bf1 Nc6 17. Nb5 e5 18. Nc7 Bg4 19. Rxd8+ Rxd8
20. Nd5 Bf8 21. a3 Be6 22. Bc4 Na5 23. Ba2 Rc8 24. Bxa7 Rc2 25. b4 Nc6 26.
Be3 Nd4 27. Bb1 Rb2 28. Bd3 f5 29. Bxd4 exd4 30. Nf4 fxe4 31. Bxe4 Bc4 32.
Bxb7 d3 33. Bd5+ Bxd5 34. Nxd5 g5 35. Kg2 Kf7 36. Kf3 Ke6 37. Ne3 h5 38. h3
Bg7 39. Rd1 d2 40. Ke4 Ra2 41. Nc4 Rc2 42. Nxd2 g4 43. hxg4 hxg4 44. b5 Rb2
45. Nc4 Rxb5 46. Rd6+ Ke7 47. Rb6 Rc5 48. Ne3 Re5+ 49. Kf4 Ra5 50. Nf5+ Kf7
51. Rb7+ Kf6 52. Nxg7 1-0

[Event "38th ECC Open 2023"]
[Site "Durres ALB"]
[Date "2023.10.07"]
[Round "7.11"]
[White "Swinkels, Robin"]
[Black "Haria, Ravi"]
[Result "1/2-1/2"]
[WhiteElo "2515"]
[BlackElo "2522"]
[EventDate "2022.10.01"]
[Board "1"]

1. d4 d5 2. c4 e6 3. g3 Nf6 4. Bg2 Be7 5. Nf3 O-O 6. O-O dxc4 7. Qc2 b5 8.
a4 b4 9. Nfd2 Nd5 10. Nxc4 c5 11. dxc5 Bxc5 12. e4 Nb6 13. e5 Nd5 14. Ne3
Bxe3 15. Bxe3 Bb7 16. Qe4 Nxe3 17. Qxb7 Nxf1 18. Qxa8 Qd4 19. Nc3 Nd2 20.
Ne4 Nd7 21. Qb7 Nb3 22. Re1 Nxe5 23. Qc7 Nd3 24. Re2 Nxb2 25. Bf1 Nc4 26.
Qf4 e5 27. Qg5 h6 28. Nf6+ Kh8 29. Qf5 g6 30. Qh3 Kg7 31. Re4 Qd1 32. Rxc4
Nd2 33. Rxb4 Kxf6 34. Rb7 Rd8 35. Rxa7 Nf3+ 36. Kg2 Ne1+ 37. Kg1 Nf3+ 38.
Kg2 Ng5 39. Qxh6 Qd5+ 40. Kg1 Nf3+ 41. Kh1 Ng5+ 1/2-1/2

[Event "38th ECC Open 2023"]
[Site "Durres ALB"]
[Date "2023.10.07"]
[Round "7.11"]
[White "Wadsworth, Matthew J"]
[Black "Pijpers, Arthur"]
[Result "1/2-1/2"]
[WhiteElo "2446"]
[BlackElo "2433"]
[EventDate "2022.10.01"]
[Board "2"]

1. c4 g6 2. g3 c5 3. Bg2 Bg7 4. Nc3 Nf6 5. e4 Nc6 6. Nge2 O-O 7. O-O d6 8.
d3 a6 9. h3 Rb8 10. a4 Ne8 11. Be3 b5 12. axb5 axb5 13. Nxb5 Nc7 14. Nec3
Nxb5 15. Nxb5 Bxb2 16. Bh6 Bxa1 17. Qxa1 e5 18. f4 Re8 19. f5 Nd4 20. Nxd4
cxd4 21. Qc1 gxf5 22. exf5 f6 23. c5 d5 24. c6 Rb5 25. Qd1 Qc7 26. Qh5 Qf7
27. Qh4 Kh8 28. g4 Rc5 29. c7 Rxc7 30. Bxd5 Qxd5 31. Qxf6+ Kg8 32. Qg5+ Kh8
33. Qf6+ 1/2-1/2

[Event "38th ECC Open 2023"]
[Site "Durres ALB"]
[Date "2023.10.07"]
[Round "7.11"]
[White "Van Haastert, Edwin"]
[Black "Willow, Jonah B"]
[Result "1/2-1/2"]
[WhiteElo "2427"]
[BlackElo "2425"]
[EventDate "2022.10.01"]
[Board "3"]

1. e4 e5 2. Nf3 Nc6 3. Bb5 a6 4. Ba4 Nf6 5. O-O Nxe4 6. d4 Be7 7. Re1 b5 8.
Rxe4 d5 9. Nxe5 Nxe5 10. Rxe5 bxa4 11. Qe2 c6 12. Nc3 Ra7 13. Bd2 O-O 14.
Re1 Be6 15. Qd3 Qb6 16. Nxa4 Qb5 17. b3 Qxd3 18. cxd3 Bf6 19. R5e2 Bxd4 20.
Bb4 Rb8 21. Bc5 Bxc5 22. Nxc5 a5 23. Kf1 Kf8 24. Nxe6+ fxe6 25. Rxe6 a4 26.
Rxc6 axb3 27. axb3 Rxb3 28. Re3 Ra1+ 29. Ke2 Ra2+ 30. Kf3 Rbb2 31. Rc8+
1/2-1/2

[Event "38th ECC Open 2023"]
[Site "Durres ALB"]
[Date "2023.10.07"]
[Round "7.11"]
[White "Bosman, Michiel"]
[Black "O`Donnell, Conor"]
[Result "1/2-1/2"]
[WhiteElo "2366"]
[BlackElo "2308"]
[EventDate "2022.10.01"]
[Board "5"]

1. d4 Nf6 2. c4 e6 3. Nf3 d5 4. g3 Be7 5. Bg2 O-O 6. Nc3 dxc4 7. Ne5 c5 8.
dxc5 Qxd1+ 9. Nxd1 Bxc5 10. O-O Nc6 11. Bxc6 bxc6 12. Be3 Bxe3 13. Nxe3 c3
14. bxc3 Nd5 15. Nd1 Ba6 16. c4 Nb6 17. Ne3 f6 18. Nxc6 Nxc4 19. Nc2 Bb7
20. N2d4 e5 21. Rfc1 Nd6 22. Ne6 Rf7 23. Rab1 Ba6 24. Ncd8 Rd7 25. Nc5
Raxd8 26. Nxa6 Nf5 27. Rc2 e4 28. e3 Rd2 29. Rbc1 Ne7 30. Nc5 Rxc2 31. Rxc2
Rc8 32. Kf1 f5 33. Ke2 Kf7 34. h4 Nd5 35. Kd2 Ke7 36. a3 Rb8 37. Na6 Rb3
38. Nb4 Nxb4 39. axb4 Rxb4 40. Rc7+ Kf6 41. Rxa7 1/2-1/2

[Event "38th ECC Open 2023"]
[Site "Durres ALB"]
[Date "2023.10.07"]
[Round "7.11"]
[White "Stoyanov, Viktor"]
[Black "Willemze, Thomas"]
[Result "0-1"]
[WhiteElo "2304"]
[BlackElo "2351"]
[EventDate "2022.10.01"]
[Board "6"]

1. d4 d5 2. c4 e6 3. Nf3 c5 4. cxd5 exd5 5. g3 Nf6 6. Bg2 h6 7. O-O Nc6 8.
Nc3 Be6 9. b3 Rc8 10. Bb2 Be7 11. Rc1 O-O 12. dxc5 Bxc5 13. Na4 Be7 14. Nd4
Nxd4 15. Bxd4 Qa5 16. Qe1 Bb4 17. Qd1 Ne4 18. Rxc8 Rxc8 19. Qa1 b5 20. a3
Bf8 21. f3 Nd2 22. Bc3 Nxb3 23. Bxa5 Nxa1 24. Rxa1 bxa4 25. f4 Rc2 26. Bf3
d4 27. Kf1 d3 28. Ke1 dxe2 29. Bxe2 g6 30. Bd2 Rc8 31. Bb5 Bb3 32. Be3 Rb8
33. Be2 Bg7 34. Rb1 a5 35. Bd2 Bf8 36. Ra1 Ra8 37. g4 Bd6 38. h3 Re8 39.
Kf1 Re4 40. f5 gxf5 41. gxf5 Re5 42. Bd3 Bf8 43. Bf4 Rd5 44. Ke2 f6 45. Rb1
Rd4 46. Rg1+ Kf7 47. Bc1 Bc4 48. Rg3 h5 49. Bxc4+ Rxc4 50. Bd2 Rc2 51. Kd1
Ra2 52. Rc3 Bxa3 53. Rc7+ Be7 54. Bxa5 Rb2 55. Bc3 Rb5 56. Ra7 a3 57. Kd2
Rd5+ 58. Ke3 Rd1 59. Bb4 a2 60. Rxe7+ Kg8 61. Re8+ Kh7 62. Re7+ Kh6 63. Bc3
Re1+ 64. Bxe1 a1=Q 65. Kf2 Qd4+ 66. Re3 Kg5 67. Bc3 Qc5 68. Ke2 Kxf5 69.
Bd2 Qc4+ 70. Kf2 Qc2 71. Rf3+ Ke4 72. Re3+ Kd4 73. Ke2 f5 74. Rf3 Qb1 75.
Rf4+ Ke5 76. Rf3 Qh1 77. Re3+ Kd5 78. Rd3+ Ke6 79. Re3+ Kf7 80. Rf3 Qg2+
81. Ke3 Ke6 82. Be1 Qg1+ 83. Ke2 Qh2+ 84. Ke3 Qc2 85. Bd2 Qd1 86. Bc3 Qc2
87. Bd2 Qd1 88. Bc3 h4 89. Kf2 Qc2+ 90. Kf1 Kd5 91. Be1 Qc4+ 92. Kf2 Qd4+
93. Ke2 Ke4 94. Rc3 f4 95. Bd2 Qd5 96. Ke1 Qg8 97. Kf2 Qe6 98. Ke2 Qa2 99.
Ke1 Qd5 100. Ra3 Qd4 101. Ke2 Qc4+ 102. Ke1 Qc5 103. Rc3 Qg1+ 104. Ke2 Qg2+
105. Kd1 f3 106. Rc4+ Kd5 0-1

[Event "38th ECC Open 2023"]
[Site "Durres ALB"]
[Date "2023.10.07"]
[Round "7.12"]
[White "Nagy, Gabor"]
[Black "Kadric, Denis"]
[Result "1/2-1/2"]
[WhiteElo "2439"]
[BlackElo "2579"]
[EventDate "2022.10.01"]
[Board "1"]

1. d4 Nf6 2. c4 d6 3. Nc3 e5 4. Nf3 Nbd7 5. Qc2 c6 6. e4 g6 7. Be2 Bg7 8.
O-O O-O 9. Rd1 Qe7 10. dxe5 dxe5 11. h3 Nh5 12. Bg5 f6 13. Be3 f5 14. Rab1
f4 15. Bc1 Nc5 16. b4 Ne6 17. Na4 b6 18. Rb3 c5 19. bxc5 Bd7 20. Rbd3 Bxa4
21. Qxa4 Nxc5 22. Ba3 Nxa4 23. Bxe7 Rfe8 24. Ra3 Rxe7 25. Rxa4 Nf6 26. c5
bxc5 27. Rd6 Rb8 28. Bc4+ Kh8 29. Nd2 h6 30. Raa6 Rb2 1/2-1/2

[Event "38th ECC Open 2023"]
[Site "Durres ALB"]
[Date "2023.10.07"]
[Round "7.12"]
[White "Petrov, Nikita"]
[Black "Galyas, Miklos"]
[Result "1-0"]
[WhiteElo "2551"]
[BlackElo "2467"]
[EventDate "2022.10.01"]
[Board "2"]

1. d4 d5 2. c4 e6 3. Nf3 a6 4. cxd5 exd5 5. Nc3 h6 6. Bf4 Nf6 7. e3 Bd6 8.
Be5 c6 9. Bd3 O-O 10. O-O Re8 11. Bxf6 Qxf6 12. e4 dxe4 13. Nxe4 Qd8 14.
Qb3 Re7 15. Rae1 Be6 16. Bc4 Bxc4 17. Qxc4 b5 18. Qc3 Raa7 19. Ne5 Bc7 20.
Ng3 Re6 21. Qf3 Bxe5 22. dxe5 Nd7 23. Qc3 Nb6 24. f4 Nd5 25. Qc5 Qb6 26.
Ne4 Ree7 27. Qxb6 Nxb6 28. Rc1 Rac7 29. Nc5 a5 30. Rfd1 g5 31. g3 gxf4 32.
gxf4 Nd5 33. Rd4 f6 34. e6 Rg7+ 35. Kf2 Rce7 36. Kf3 f5 37. Re1 Rg6 38. Re5
Rf6 39. Rd2 a4 40. Rg2+ Kh7 41. Nd7 1-0

[Event "38th ECC Open 2023"]
[Site "Durres ALB"]
[Date "2023.10.07"]
[Round "7.12"]
[White "Berczes, David"]
[Black "Draskovic, Luka"]
[Result "1/2-1/2"]
[WhiteElo "2445"]
[BlackElo "2481"]
[EventDate "2022.10.01"]
[Board "3"]

1. d4 d6 2. Nf3 Nf6 3. c4 g6 4. Nc3 Bg7 5. e4 O-O 6. Be2 e5 7. O-O Na6 8.
Bg5 h6 9. Be3 Ng4 10. Bc1 Re8 11. d5 f5 12. exf5 gxf5 13. g3 Nc5 14. Nh4 e4
15. Bf4 Ne5 16. Qd2 Kh7 17. f3 exf3 18. Nxf3 Ng6 19. Be3 Bd7 20. Bd4 Qe7
21. Rae1 Ne4 22. Nxe4 fxe4 23. Bd3 Bf5 24. Bc2 Kg8 25. Bxg7 Qxg7 26. Nd4
Bh3 27. Ne6 Bxe6 28. dxe6 Rxe6 29. Bxe4 Kh8 30. Bxb7 Rxe1 31. Rxe1 Rb8 32.
Bd5 Ne5 33. b3 Rf8 34. Rf1 Rxf1+ 35. Kxf1 Qg6 36. Qe2 Kg7 37. Be4 Qg5 38.
Kg2 Qc1 39. h3 a5 40. Qf2 Qc3 41. Qe2 Qd4 42. h4 Kh8 43. Bd5 1/2-1/2

[Event "38th ECC Open 2023"]
[Site "Durres ALB"]
[Date "2023.10.07"]
[Round "7.12"]
[White "Tomic, Aleksandar"]
[Black "Glek, Igor"]
[Result "1/2-1/2"]
[WhiteElo "2405"]
[BlackElo "2429"]
[EventDate "2022.10.01"]
[Board "4"]

1. c4 f5 2. g3 Nf6 3. Bg2 g6 4. b3 Bg7 5. Bb2 d6 6. d4 O-O 7. Nh3 c6 8. O-O
e5 9. dxe5 Ng4 10. Qc2 dxe5 11. Rd1 Qf6 12. Nc3 Na6 13. Na4 Qe7 14. c5 Be6
15. Rd6 Nc7 16. Rad1 Nb5 17. Qd2 Bh6 18. e3 Rae8 19. f4 exf4 20. exf4 Bf7
21. Rd7 Qe3+ 22. Qxe3 Nxe3 23. R1d2 Nxg2 24. Kxg2 Bd5+ 25. Kf2 Rf7 26. Rxf7
Kxf7 27. Re2 Rxe2+ 28. Kxe2 Be4 29. Nc3 Nxc3+ 30. Bxc3 Ke6 31. Ng5+ Bxg5
32. fxg5 Kd5 33. b4 Kc4 34. Bd2 Bb1 35. a3 Kb3 36. Bc1 Kc4 1/2-1/2

[Event "38th ECC Open 2023"]
[Site "Durres ALB"]
[Date "2023.10.07"]
[Round "7.12"]
[White "Coenen, Norbert"]
[Black "Djurovic, Peko"]
[Result "0-1"]
[WhiteElo "2249"]
[BlackElo "2327"]
[EventDate "2022.10.01"]
[Board "5"]

1. e4 c5 2. Nf3 Nc6 3. Bb5 g6 4. Bxc6 dxc6 5. h3 Bg7 6. d3 Nf6 7. Be3 Nxe4
8. c3 Nf6 9. Bxc5 Bf5 10. Nd4 Qd5 11. Nxf5 gxf5 12. Bd4 e5 13. Qe2 O-O-O
14. Bxe5 Qxg2 15. Qf1 Qxf1+ 16. Kxf1 Rxd3 17. Na3 Re8 18. Nc4 Re6 19. Bd4
c5 20. Bxc5 Ne4 21. Bxa7 b5 22. Ne3 Kb7 23. Rg1 Bf6 24. Bd4 Bxd4 25. cxd4
f4 26. Rd1 Rd2 27. Rxd2 Nxd2+ 28. Ke2 fxe3 29. Rg7 exf2+ 30. Kxf2 Ne4+ 31.
Kf3 Kc6 32. h4 Kd5 33. Rxh7 Rf6+ 34. Ke3 Nd6 35. Rh5+ Rf5 36. Rh8 Nc4+ 37.
Kd3 Nxb2+ 38. Kc3 Nc4 39. h5 Nd6 40. h6 Rh5 41. Kb4 Kxd4 42. h7 Kd5 43. Ka5
f5 44. Kb6 Nf7 45. Rg8 Rxh7 46. Kxb5 f4 47. a4 f3 48. Rg1 Nd6+ 0-1

[Event "38th ECC Open 2023"]
[Site "Durres ALB"]
[Date "2023.10.07"]
[Round "7.12"]
[White "Pobor, Milo"]
[Black "Meessen, Rudolf"]
[Result "1/2-1/2"]
[WhiteElo "2208"]
[BlackElo "2170"]
[EventDate "2022.10.01"]
[Board "6"]

1. e4 e5 2. Nf3 d6 3. d4 exd4 4. Nxd4 Nf6 5. Nc3 Be7 6. Be2 O-O 7. Bf4 Nc6
8. Qd2 Nxd4 9. Qxd4 c6 10. Rd1 Qa5 11. b4 Qb6 12. Bxd6 Qxd4 13. Rxd4 Rd8
14. e5 Ne8 15. Ne4 Bf5 16. c3 Bxe4 17. Bxe7 Rxd4 18. cxd4 Bxg2 19. Rg1 Bd5
20. a3 Rc8 21. Kd2 Rc7 22. Bg5 Rd7 23. Ke3 Kf8 24. f4 f5 25. b5 Nc7 26.
bxc6 Bxc6 27. Bd3 g6 28. Bc4 Bd5 29. Rc1 Kf7 30. Kd3 Ne6 31. h4 Bxc4+ 32.
Rxc4 b5 33. Rb4 Rd5 34. Kc3 Ke8 35. a4 a6 36. axb5 axb5 37. Rb2 h5 38. Ra2
Rxd4 39. Ra8+ Kd7 40. Ra7+ Kc8 41. Ra8+ Kb7 42. Rg8 Rc4+ 43. Kb3 Nxf4 44.
Rg7+ Kc6 45. Bxf4 Rxf4 46. Rxg6+ Kd5 47. Rg5 Rxh4 48. Rxf5 b4 49. Rg5 Ke6
50. Ka4 Ke7 51. Kb3 Kf7 52. Ka4 Rh1 53. Kxb4 h4 54. Kc3 h3 55. Kb2 Re1 56.
Rh5 Re3 57. Kc2 Kg6 58. Rh8 Kf5 59. e6 Kg4 60. Rg8+ Kf3 61. Rf8+ Kg2 62.
Rg8+ Kh1 63. Rg6 Re5 64. Kd3 h2 65. Kd4 Re1 66. Kd5 Rd1+ 67. Kc6 Rg1 68.
Rh6 Re1 69. Kd7 Kg2 70. e7 h1=Q 71. Rxh1 Kxh1 72. e8=Q Rxe8 73. Kxe8
1/2-1/2

[Event "38th ECC Open 2023"]
[Site "Durres ALB"]
[Date "2023.10.07"]
[Round "7.13"]
[White "Bosiocic, Marin"]
[Black "Aditya, Mittal"]
[Result "0-1"]
[WhiteElo "2534"]
[BlackElo "2572"]
[EventDate "2022.10.01"]
[Board "1"]

1. d4 d5 2. c4 c6 3. Nf3 Nf6 4. Nc3 e6 5. Bg5 h6 6. Bxf6 Qxf6 7. e3 g6 8.
Bd3 Bg7 9. e4 dxc4 10. Bxc4 O-O 11. O-O Nd7 12. e5 Qe7 13. Re1 Rd8 14. Qe2
b5 15. Bd3 Rb8 16. Rac1 c5 17. Nxb5 Bb7 18. Nxa7 Ra8 19. Nb5 Bxf3 20. Qxf3
cxd4 21. Qb7 Qb4 22. a3 Qb3 23. Bc4 Qxb2 24. f4 Nc5 25. Qf3 d3 26. Red1 d2
27. Rc3 Ra5 28. Qe3 Bf8 29. Nd6 Bxd6 30. exd6 Rxd6 31. f5 gxf5 32. Qg3+ Kh7
33. Qxd6 Qxc3 34. Qc7 Kg6 35. Be2 Qe3+ 36. Kf1 Ne4 37. Bh5+ Kxh5 38. Qxf7+
Kh4 39. Qe7+ Qg5 0-1

[Event "38th ECC Open 2023"]
[Site "Durres ALB"]
[Date "2023.10.07"]
[Round "7.13"]
[White "Arnaudov, G. Petar"]
[Black "Saraci, Korab"]
[Result "0-1"]
[WhiteElo "2428"]
[BlackElo "2180"]
[EventDate "2022.10.01"]
[Board "2"]

1. Nf3 Nf6 2. g3 d5 3. Bg2 e6 4. O-O Bd6 5. d3 O-O 6. Nc3 Nbd7 7. e4 c6 8.
Re1 Qc7 9. Bg5 dxe4 10. dxe4 e5 11. Nh4 h6 12. Be3 Nb6 13. h3 Nc4 14. Bc1
Bb4 15. Qf3 Qe7 16. a3 Ba5 17. b3 Nd6 18. Bd2 Bc7 19. a4 g5 20. Nf5 Bxf5
21. exf5 e4 22. Qe2 Rfe8 23. g4 Qe5 24. Kf1 Bb6 25. Rac1 Rad8 26. Red1 e3
27. fxe3 Ba5 28. Qe1 h5 29. e4 hxg4 30. Qe3 Kf8 31. Qxg5 gxh3 32. Bf3 Ke7
33. Bf4 Qxc3 34. Rd3 Nxe4 35. Bxe4 Rxd3 36. cxd3 Qb2 37. Qh4 Rg8 38. Bg5
Rxg5 39. Qxg5 Bd2 0-1

[Event "38th ECC Open 2023"]
[Site "Durres ALB"]
[Date "2023.10.07"]
[Round "7.13"]
[White "Krasniqi, Alban"]
[Black "Nikolovski, Nikola"]
[Result "0-1"]
[WhiteElo "2160"]
[BlackElo "2382"]
[EventDate "2022.10.01"]
[Board "3"]

1. d4 e6 2. e4 d5 3. Nc3 Bb4 4. e5 b6 5. a3 Bf8 6. f4 h5 7. Be3 Ne7 8. g3
Nf5 9. Bf2 Ba6 10. Bg2 Be7 11. b4 Qd7 12. Rb1 Qc6 13. Qd2 Bc4 14. Nge2 a5
15. O-O axb4 16. axb4 Ra3 17. Rfc1 Qa8 18. Nd1 Nd7 19. Ne3 Nxe3 20. Bxe3 g6
21. c3 Nb8 22. Qe1 Nc6 23. Ra1 Rxa1 24. Rxa1 Qb7 25. Kf2 Kd7 26. h4 Ra8 27.
f5 exf5 28. Nf4 Nd8 29. Qh1 c6 30. b5 Bxb5 31. Rxa8 Qxa8 32. Qb1 Qa5 33.
Nxh5 gxh5 34. Qxf5+ Ke8 35. Bh3 Ne6 36. Qxh5 Qa2+ 37. Kg1 Qb1+ 38. Kh2 Qc2+
39. Kg1 Qe2 40. Qh8+ Kd7 41. Bf2 Bd3 42. Bg2 Be4 43. Qb8 Bxg2 44. Kxg2 b5
45. Qa7+ Nc7 46. Qa1 Bf8 47. Kg1 Qf3 48. Qc1 Ne6 49. Qd2 Be7 50. Kh2 Bd8
51. Be1 Ng7 52. Qf2 Qxf2+ 53. Bxf2 Ba5 54. g4 Ne6 55. h5 Bxc3 56. Be3 b4
57. h6 Nf8 58. h7 Nxh7 0-1

[Event "38th ECC Open 2023"]
[Site "Durres ALB"]
[Date "2023.10.07"]
[Round "7.13"]
[White "Veljanoski, Andrej"]
[Black "Budima, Armend"]
[Result "1-0"]
[WhiteElo "2261"]
[BlackElo "2165"]
[EventDate "2022.10.01"]
[Board "4"]

1. e4 c5 2. Nf3 d6 3. d4 cxd4 4. Nxd4 Nf6 5. Nc3 Nc6 6. Bg5 e6 7. Qd2 Be7
8. O-O-O a6 9. h4 Bd7 10. f3 Nxd4 11. Qxd4 Qc7 12. Qd2 Rc8 13. Kb1 b5 14.
Bd3 h6 15. Be3 d5 16. exd5 b4 17. dxe6 Bxe6 18. Ne2 Qa5 19. Nc1 Nd5 20. Nb3
Qa4 21. Bd4 O-O 22. g4 Rfd8 23. g5 h5 24. Rhe1 Qd7 25. Qe2 Nf4 26. Qe5 1-0

[Event "38th ECC Open 2023"]
[Site "Durres ALB"]
[Date "2023.10.07"]
[Round "7.13"]
[White "Hamiti, Gani"]
[Black "Zlatkov, Anton"]
[Result "1-0"]
[WhiteElo "2124"]
[BlackElo "2198"]
[EventDate "2022.10.01"]
[Board "5"]

1. e4 c5 2. Nc3 Nc6 3. f4 a6 4. Nf3 e6 5. d3 d5 6. g3 Nf6 7. e5 Ng8 8. Bg2
h5 9. Ne2 Nh6 10. c3 Nf5 11. h3 Be7 12. O-O b5 13. Kh2 Bb7 14. d4 Qb6 15.
Qd3 b4 16. Be3 a5 17. Rfd1 Ba6 18. Qd2 Bxe2 19. Qxe2 Rb8 20. Rac1 bxc3 21.
bxc3 Qb2 22. Rc2 Qa3 23. Bf2 c4 24. Kg1 Kd7 25. Nd2 Qa4 26. Nf1 Na7 27. g4
hxg4 28. hxg4 Nh4 29. Bxh4 Bxh4 30. Ne3 g5 31. Qf3 gxf4 32. Qxf4 Be7 33.
Rf1 Rhf8 34. Rcf2 Qa3 35. Bxd5 exd5 36. Nxd5 Nb5 37. Nxe7 Qxe7 38. d5 Nxc3
39. Qf5+ Ke8 40. e6 f6 41. Qf4 Rc8 42. Qh6 Qc5 43. Qh5+ Kd8 44. d6 Ne2+ 45.
Kg2 Qc6+ 46. Kh3 Qxd6 47. Rxe2 Re8 48. Rfe1 Rc5 49. Qh6 c3 50. Qxf6+ Kc7
51. Re3 Re7 52. Kg2 c2 53. Rd3 Qc6+ 54. Kg3 1-0